[Event "Young Talents Mukachevo 2020"]
[Site "Mukachevo"]
[Date "2020.11.24"]
[Round "3.3"]
[White "Osadchuk, Dmitry"]
[Black "Prokofiev, Valentyn"]
[Result "1/2-1/2"]
[WhiteElo "2173"]
[BlackElo "2095"]
[Annotator "NA RC"]
[PlyCount "172"]
[EventDate "2020.11.23"]
[EventType "tourn"]
[EventCountry "UKR"]
[SourceTitle "playchess.com"]
[Source "ChessBase"]
[SourceQuality "1"]
[TimeControl "40/5400+30:900+30"]

1. e4 {[%emt 0:00:00]} g6 {[%emt 0:01:12]} 2. d4 {[%emt 0:00:00]} Bg7 {[%emt 0:00:04]} 3. c4 {[%emt 0:00:07]} d6 {[%emt 0:00:10]} 4. Nc3 {[%emt 0:00:06]} Nf6 {[%emt 0:00:05]} 5. f3 {[%emt 0:00:17]} O-O {[%emt 0:00:30]} 6. Be3 {[%emt 0:00:05]} Nbd7 {[%emt 0:01:14]} 7. Bd3 {[%emt 0:00:07]} c5 {[%emt 0:00:36]} 8. Nge2 {[%emt 0:00:13] The main line 8.Nge2 scores better than 8.d5.} b6 {[%emt 0:02:10]} 9. Qd2 {[%emt 0:00:25]} cxd4 {[%emt 0:00:40]} 10. Nxd4 {[%emt 0:00:05]} Bb7 {[%emt 0:00:07]} 11. O-O {[%emt 0:01:13]} Rc8 {[%emt 0:01:13] [#]} 12. Rac1 $146 {[%emt 0:00:18]} ({Predecessor:} 12. b3 a6 13. Rac1 e6 14. Rfd1 Re8 15. Bf1 Qc7 16. Kh1 Bf8 17. Bh6 Bxh6 18. Qxh6 {1-0 (81) Shimanov,A (2587)-Moiseenko,V (2526) Khanty-Mansiysk 2019}) 12... Nc5 {[%emt 0:04:31]} 13. Rfd1 {[%emt 0:00:59]} Qd7 {[%emt 0:01:51]} 14. Bf1 {[%emt 0:01:47]} Rfd8 {[%emt 0:01:08]} 15. b4 {[%emt 0:01:24]} Ne6 {[%emt 0:02:26]} 16. Nb3 {[%emt 0:00:10]} Qc7 {[%emt 0:00:36]} 17. a4 {[%emt 0:03:53]} Qb8 {[%emt 0:05:59]} 18. a5 {[%emt 0:00:44]} Nd7 {[%emt 0:00:32]} 19. Nd5 {[%emt 0:04:21]} Bxd5 {[%emt 0:02:06]} 20. cxd5 {[%emt 0:00:23]} Nef8 {[%emt 0:00:20]} 21. Nd4 {[%emt 0:01:21]} Rxc1 {[%emt 0:00:43]} 22. Rxc1 {[%emt 0:00:12]} Bxd4 {[%emt 0:00:13]} 23. Bxd4 {[%emt 0:00:22]} Rc8 {[%emt 0:02:59]} 24. a6 {[%emt 0:03:30]} Rc7 {[%emt 0:02:32]} 25. Bb5 {[%emt 0:05:40]} Qc8 {[%emt 0:00:53]} 26. Rxc7 {[%emt 0:00:47]} Qxc7 {[%emt 0:00:02]} 27. Qc3 {[%emt 0:01:37]} Qxc3 {[%emt 0:01:59]} 28. Bxc3 {[%emt 0:00:07]} Nb8 {[%emt 0:00:31]} 29. Bd4 {[%emt 0:00:06]} Nfd7 {[%emt 0:00:20]} 30. Kf2 {[%emt 0:00:27]} Kf8 {[%emt 0:01:11]} 31. Ke3 {[%emt 0:00:44]} e5 {[%emt 0:08:08]} 32. dxe6 $1 {[%emt 0:00:43]} fxe6 {[%emt 0:00:05]} 33. f4 {[%emt 0:01:42]} (33. Kd2 $18) 33... e5 {[%emt 0:01:26]} 34. Bc3 {[%emt 0:00:16]} Ke7 {[%emt 0:00:04]} 35. g3 {[%emt 0:01:51]} Kf6 {[%emt 0:00:41]} 36. Kd3 {[%emt 0:03:05]} Nf8 {[%emt 0:00:20]} (36... Ke7 $16 37. h3 Ke6 38. Bc4+ Kf6) 37. Bd2 {[%emt 0:01:52]} (37. g4 $16) 37... Ne6 {[%emt 0:00:28]} 38. h4 {[%emt 0:28:09]} Nc7 {[%emt 0:02:06]} 39. fxe5+ {[%emt 0:00:06]} Kxe5 $2 {[%emt 0:04:40] [#]} (39... dxe5 $14 40. Bc4 Ncxa6) 40. Bc4 $1 {[%emt 0:00:00]} Kf6 {[%emt 0:00:00]} 41. Bg5+ {[%emt 0:09:52]} Kg7 {[%emt 0:00:23]} 42. Bf4 {[%emt 0:00:04]} b5 {[%emt 0:02:24]} 43. Bxd6 {[%emt 0:07:29]} Nbxa6 {[%emt 0:00:04]} 44. Bd5 {[%emt 0:05:00]} Kf6 {[%emt 0:06:04]} 45. Bb7 {[%emt 0:12:40]} Ke6 {[%emt 0:00:23]} 46. e5 {[%emt 0:00:16]} Nxb4+ {[%emt 0:00:56]} 47. Bxb4 {[%emt 0:00:05]} Kxe5 $18 {[%emt 0:00:02]} 48. Bc5 {[%emt 0:02:52]} a6 {[%emt 0:15:52]} 49. Bd4+ {[%emt 0:00:13]} Kd6 {[%emt 0:03:06]} 50. Ke4 {[%emt 0:00:23]} a5 {[%emt 0:00:56]} 51. Be5+ {[%emt 0:01:56]} Kd7 {[%emt 0:00:03]} 52. Bxc7 {[%emt 0:03:12]} Kxc7 {[%emt 0:00:03]} 53. Bd5 {[%emt 0:00:06]} a4 {[%emt 0:01:02]} 54. Bg8 {[%emt 0:00:44]} a3 {[%emt 0:00:29]} 55. Kd4 {[%emt 0:02:25]} Kd6 {[%emt 0:00:08]} 56. Kc3 {[%emt 0:00:28]} h6 {[%emt 0:01:01]} 57. Bf7 {[%emt 0:03:57]} Ke5 {[%emt 0:03:24]} 58. Bxg6 {[%emt 0:02:38]} b4+ {[%emt 0:00:03]} 59. Kb3 {[%emt 0:00:09]} Kd4 {[%emt 0:00:08]} 60. Bf7 {[%emt 0:02:29]} Ke3 {[%emt 0:00:08]} 61. Bd5 {[%emt 0:00:23]} Kd4 {[%emt 0:00:11]} 62. Bc6 {[%emt 0:00:44]} Ke5 {[%emt 0:00:19]} 63. Bb7 {[%emt 0:02:16]} Kf5 {[%emt 0:00:08]} 64. Bf3 {[%emt 0:00:04]} Ke5 {[%emt 0:00:13]} 65. Kc2 {[%emt 0:04:10]} Kf5 {[%emt 0:00:28]} 66. Kb3 {[%emt 0:02:07]} Ke5 {[%emt 0:00:05]} 67. Ka2 {[%emt 0:00:09]} Kf5 {[%emt 0:00:10]} 68. Bd1 {[%emt 0:01:29]} Ke4 {[%emt 0:00:03]} 69. Bh5 {[%emt 0:00:23]} Kf5 {[%emt 0:00:09]} 70. Kb3 {[%emt 0:00:28]} Ke4 {[%emt 0:00:10]} 71. Ka2 {[%emt 0:01:14]} Kf5 {[%emt 0:00:04]} 72. Bf3 {[%emt 0:00:04]} Ke5 {[%emt 0:00:10]} 73. Kb3 {[%emt 0:00:10]} Kf5 {[%emt 0:00:40]} 74. h5 {[%emt 0:01:21]} Kg5 {[%emt 0:00:05]} 75. Be2 {[%emt 0:00:29]} Kf5 {[%emt 0:00:05]} 76. Bd1 {[%emt 0:00:36]} Kg5 {[%emt 0:00:05]} 77. Bf3 {[%emt 0:00:25]} Kf5 {[%emt 0:00:08]} 78. Bd5 {[%emt 0:00:43]} Kg4 {[%emt 0:00:08]} 79. Kxb4 {[%emt 0:00:05]} Kxg3 {[%emt 0:00:18]} 80. Kxa3 {[%emt 0:00:07]} Kh4 {[%emt 0:00:12]} 81. Bf3 {[%emt 0:00:18]} Kg5 {[%emt 0:00:04]} 82. Kb4 {[%emt 0:00:04]} Kf6 {[%emt 0:00:08]} 83. Kc5 {[%emt 0:00:05]} Kg7 {[%emt 0:00:03]} 84. Kd6 {[%emt 0:00:05]} Kg8 {[%emt 0:00:04]} 85. Ke6 {[%emt 0:00:06]} Kg7 {[%emt 0:00:04]} 86. Ke7 {[%emt 0:00:07]} Kh7 {[%emt 0:00:04]} 1/2-1/2

[Event "Young Talents Mukachevo 2020"]
[Site "Mukachevo"]
[Date "2020.11.25"]
[Round "4.1"]
[White "Petrovskiy, Vadim"]
[Black "Prokofiev, Valentyn"]
[Result "0-1"]
[WhiteElo "2108"]
[BlackElo "2095"]
[Annotator "TA"]
[PlyCount "96"]
[EventDate "2020.11.23"]
[EventType "tourn"]
[EventCountry "UKR"]
[SourceTitle "playchess.com"]
[Source "ChessBase"]
[SourceQuality "1"]

{[%evp 15,96,45,44,37,52,55,64,45,48,51,93,70,58,35,35,35,35,35,46,51,68,46,45,31,70,75,56,-13,-4,-8,0,0,0,0,-7,0,-4,-8,0,0,-2,-45,-45,-44,-44,-44,-44,-67,-56,-367,-319,-362,-358,-422,-357,-420,-446,-391,-264,-347,-256,-491,-483,-858,-1198,-1170,-1141,-1114,-1079,-1063,-1039,-1110,-1097,-12046,-11406,-6914,-5816,-2207,-1801,-29974,-29975,-29977,-29976]} 1. e4 c5 2. Nf3 e6 3. d4 cxd4 4. Nxd4 a6 5. Bd3 Nf6 6. O-O Qc7 7. Qe2 d6 8. c4 Nbd7 9. Nc3 {B42: Sicilian: Kan Variation: 5 Bd3.} g6 {9...Ne5 is the modern continuation.} 10. Rd1 Bg7 11. Nf3 {White is slightly better.} O-O 12. Bg5 {[#]} Ne5 $146 ({Predecessor:} 12... h6 13. Bf4 Nh5 14. Be3 Kh7 15. Rac1 b6 16. b3 Bb7 17. Bb1 Rfd8 18. Nd4 Rac8 19. f4 Nxf4 20. Bxf4 Bxd4+ 21. Rxd4 {0-1 (49) Ernst,T (2369)-Bellon Lopez,J (2322) Skara 2018}) 13. Rac1 h6 14. Bf4 Nxf3+ 15. Qxf3 e5 $1 {[#] Hoping for ...Bg4.} 16. Nd5 Nxd5 17. cxd5 Qe7 18. Be3 f5 19. Qe2 f4 20. Bb6 f3 21. gxf3 ({Better is} 21. Qe3 $14) 21... Qg5+ $11 22. Kh1 $1 Bh3 $36 {[%csl Gh3][%cal Rg5g2][%mdl 2048] [#] Black is pushing.} 23. Rg1 Bg2+ $1 24. Rxg2 Qxc1+ 25. Rg1 Qf4 26. Rxg6 Qxf3+ 27. Qxf3 Rxf3 28. Be3 (28. Bf1 {is more complex.} Rf6 29. Rg3 Rc8 30. Bh3 Rc2 31. a4) 28... Rf6 29. Rxf6 Bxf6 30. Bxh6 $15 {[%mdl 4096] Endgame KRB-KB} Kf7 31. a4 Rg8 32. b3 $2 {[%mdl 8192] Loses the game.} (32. Bd2 $15) 32... Bg5 $19 33. Bxg5 Rxg5 {KR-KB} 34. Be2 Rg8 35. h4 Rh8 36. h5 Kf6 37. Kg2 Kg5 38. Kf3 $2 (38. Kg3) 38... Rxh5 39. Ke3 (39. Bf1 $142 Rh8 40. Ke3) 39... Rh3+ 40. f3 Rh1 41. Bd3 Ra1 42. Bc2 Ra2 43. Bd1 Rb2 44. Kd3 Kf4 45. Kc3 Rf2 46. b4 Ke3 47. b5 axb5 48. axb5 b6 {Weighted Error Value: White=0.89/Black=0.19} 0-1

[Event "Young Talents Mukachevo 2020"]
[Site "Mukachevo"]
[Date "2020.11.25"]
[Round "4.2"]
[White "Lymar, Vladislav"]
[Black "Osadchuk, Dmitry"]
[Result "0-1"]
[WhiteElo "2147"]
[BlackElo "2173"]
[Annotator "TA"]
[PlyCount "126"]
[EventDate "2020.11.23"]
[EventType "tourn"]
[EventCountry "UKR"]
[SourceTitle "playchess.com"]
[Source "ChessBase"]
[SourceQuality "1"]

{[%evp 9,126,25,63,68,71,59,60,56,64,38,47,56,59,50,54,54,53,51,55,51,61,54,61,26,25,6,14,-14,24,0,0,0,27,0,31,5,14,19,25,25,38,40,50,49,48,37,50,47,49,36,42,39,57,43,41,41,47,47,50,22,22,0,44,55,55,18,9,0,0,0,0,-16,-10,0,0,-24,11,8,15,0,0,0,0,0,0,-654,-635,-594,-581,-801,-807,-727,-434,-359,-387,-1025,-963,-2139,-2105,-29979,-29980,-29984,-29985,-29985,-29968,-29986,-29987,-29987,-29988,-29988,-29989,-29992,-29993,-29995,-29996,-29996,-29997,-29997,-629]} 1. d4 f5 2. g3 Nf6 3. Bg2 d5 4. Nh3 c6 5. Nf4 {[#]} g5 $146 ({Predecessor:} 5... e6 6. O-O g6 7. b3 Bg7 8. Ba3 Na6 9. Nd2 Kf7 10. Nf3 Ne4 11. Ne5+ Bxe5 12. dxe5 {1-0 (23) Peskov,A (2408)-Vateechkin,S (1936) Borisoglebsk 2015}) 6. Nd3 {A81: Dutch Defence: 2 g3.} h6 7. Nd2 {[%cal Bb1d2,Bd2f3,Bf3e5][%mdl 32]} Be6 8. c3 {White is slightly better.} Nbd7 9. Qc2 Bf7 10. Nf3 e6 11. h4 g4 $1 {[%cal Rg4f3]} 12. Nfe5 Nxe5 13. Nxe5 Nd7 14. Nd3 Bd6 15. Be3 Qf6 16. O-O-O O-O-O 17. Bf1 Kb8 18. Bf4 e5 19. dxe5 Nxe5 20. e3 Be6 21. Kb1 Rh7 22. Bg2 Nxd3 23. Rxd3 Rhd7 24. Qa4 a6 25. Rhd1 Bxf4 26. Qxf4+ Ka8 27. Ka1 Qg7 28. Qa4 Qe5 29. Qa5 Kb8 30. Qb6 Kc8 31. Rd4 Qc7 32. Qa7 Qb8 33. Qc5 Qd6 34. Qxd6 (34. b4 {feels hotter.} Qxc5 35. bxc5 Kc7 36. Rb1 a5 37. Rb6) 34... Rxd6 35. c4 Kc7 36. c5 R6d7 37. Rb4 a5 38. Rbd4 Ra8 39. Rc1 b6 40. cxb6+ Kxb6 41. Rd3 a4 42. Rdc3 Rc7 43. b4 a3 44. Rc5 Raa7 45. Bf1 Ra4 46. b5 {[%cal Rc5c6]} Rc4 47. R5xc4 $4 {[%mdl 8192] [#] Black continues to play with concentration.} (47. Bxc4 $11 Kxc5 48. Bd3+ Kb6 49. Rc3) 47... dxc4 $19 48. bxc6 Rxc6 $11 {[%mdl 4096] Endgame KRB-KRB} 49. Kb1 Kc5 50. Kc2 Bd5 51. Kc3 Rb6 52. e4 $2 (52. Rd1 Rb2 53. Rd4) 52... fxe4 $19 53. Rc2 Rb1 54. Be2 h5 {Black mates.} 55. Rd2 Rc1+ 56. Rc2 Rxc2+ {[%mdl 64] [#] Overworked Piece} 57. Kxc2 {KB-KB} Kd4 58. Bd1 c3 59. Kb1 Kd3 60. Ba4 Kd2 61. Ka1 c2 62. Bxc2 Kxc2 63. f4 e3 {Weighted Error Value: White=0.50/Black=0.12} 0-1

[Event "Young Talents Mukachevo 2020"]
[Site "Mukachevo"]
[Date "2020.11.25"]
[Round "4.3"]
[White "Lozynskyi, Bohdan"]
[Black "Samunenkov, Ihor"]
[Result "1/2-1/2"]
[WhiteElo "2077"]
[BlackElo "2142"]
[Annotator "TA"]
[PlyCount "89"]
[EventDate "2020.11.23"]
[EventType "tourn"]
[EventCountry "UKR"]
[SourceTitle "playchess.com"]
[Source "ChessBase"]
[SourceQuality "1"]

{[%evp 9,88,-6,0,0,0,-4,-7,-45,-45,-44,-31,-31,-29,-21,-18,-26,10,-21,-20,-32,-22,-48,60,0,-1,-19,-22,-20,-26,-23,0,-59,-54,-53,-43,-63,-62,-65,-59,-73,40,34,55,0,0,0,45,2,55,0,0,54,45,56,45,0,0,0,0,0,0,0,19,0,0,0,0,0,0,0,0,0,0,0,0,0,0,-1789,0,0,29999]} 1. e4 c5 2. Be2 Nc6 3. f4 e6 4. Nf3 d5 5. d3 Bd6 6. O-O {B21: Sicilian: 2 f4 and Morra Gambit.} Nge7 7. c3 f6 {[#]} 8. e5 $146 {The position is equal.} ({Predecessor:} 8. Be3 O-O 9. Nbd2 b6 10. g3 Bb7 11. Re1 Qd7 12. Bf1 Rae8 13. Bg2 Bc7 14. Qc2 {1-0 (46) Kovalev,V (2648)-Ivanisevic,I (2604) Chess.com INT 2020}) 8... fxe5 9. fxe5 Nxe5 10. Nxe5 Bxe5 11. d4 Bd6 12. Na3 c4 13. Bh5+ g6 $1 {[%cal Rg6h5]} 14. Bg4 h5 15. Bh3 $1 Bd7 ({Black should try} 15... Nf5 $15) 16. Qe2 {[#]} ({Much weaker is} 16. Qf3 Nf5 $17) ({Better is} 16. Bg5 $14) 16... Nf5 $1 $11 {[%mdl 512]} 17. Bxf5 gxf5 18. Bf4 $1 {[%cal Rf4d6]} Bxf4 19. Rxf4 Qg5 20. Qe5 (20. Rf2 $11) 20... Rg8 $15 {[%csl Gg8][%cal Rg5g2]} 21. Rf2 O-O-O 22. b3 Qe7 23. Nc2 Rg4 24. Re1 Qh4 ({Black should play} 24... cxb3 $17 25. Ne3 Re4 26. Nxf5 Rxe1+ 27. Qxe1 Qa3) 25. bxc4 $14 dxc4 26. Nb4 (26. Na3 $14) 26... Rdg8 $1 $11 {Threatens to win with ...Qg5.} 27. Ree2 Re4 28. Qc5+ Kd8 $1 29. Qxa7 Qg4 30. h3 Qxe2 31. Rxe2 Rxe2 32. Qxb7 {Hoping for Qb8+.} Ke8 33. Kf1 Rb2 34. Qb8+ Kf7 35. Qc7 Ke8 36. Qb8+ Kf7 37. Qd6 Be8 38. d5 Rgxg2 39. Qxe6+ {[%mdl 64] [#] Double Attack} Kf8 40. Qxf5+ Bf7 41. Qf6 {And now Qh8+ would win.} Rh2 {[%cal Rh2h1]} 42. Qh8+ Ke7 {[%cal Rh2h1]} 43. d6+ $2 {[%mdl 8192]} (43. Nc6+ $11 Kd6 44. Qe5+ Kc5 45. Qd4+ (45. Qe7+ Kb5 $11) 45... Kb5 46. a4+ {[%mdl 64] Decoy} Kxa4 47. Qxc4+ Ka3 48. Kg1) 43... Kxd6 $2 (43... Ke6 $19 {[%cal Rh2h1]} 44. Kg1 Rhd2 45. Qh6+ Kd7 46. Qxd2 Rxd2) 44. Qf6+ Kc5 $2 {[%mdl 8192]} (44... Be6 $11 45. Qd8+ Ke5 46. Qg5+ (46. Nc6+ Kf5 $11) 46... Ke4 47. Qg6+ {[%mdl 64] Double Attack} Bf5 48. Qe8+ Kf3 49. Qxh5+ {[%mdl 64] Double Attack} Kf4 50. Qh6+ Kf3 51. Qh5+ {[%mdl 64] Double Attack} Kf4 52. Qh4+ Kf3 53. Qh5+ {[%mdl 64] Double Attack}) 45. Qc6# {[%mdl 32768] Weighted Error Value: White=0.29/Black=0.38. An unexpected result.} 1/2-1/2

[Event "Young Talents Mukachevo 2020"]
[Site "Mukachevo"]
[Date "2020.11.26"]
[Round "5.1"]
[White "Samunenkov, Ihor"]
[Black "Petrovskiy, Vadim"]
[Result "1-0"]
[WhiteElo "2142"]
[BlackElo "2108"]
[Annotator "TA"]
[PlyCount "83"]
[EventDate "2020.11.23"]
[EventType "tourn"]
[EventCountry "UKR"]
[SourceTitle "playchess.com"]
[Source "ChessBase"]
[SourceQuality "1"]

{[%evp 9,83,-8,5,12,14,21,41,30,45,35,38,25,104,77,81,67,128,112,122,134,156,131,147,127,129,121,272,272,279,295,285,277,279,281,280,275,262,254,332,323,465,463,480,445,491,412,448,431,476,418,557,556,555,576,566,566,542,553,539,546,525,496,557,493,535,552,527,528,654,619,577,577,727,726,29975,29974]} 1. e4 c5 2. Be2 Nc6 3. f4 g6 4. Nf3 Bg7 5. O-O d5 6. d3 {B21: Sicilian: 2 f4 and Morra Gambit.} Nf6 7. e5 Nd7 {is cutting edge theory.} 8. c3 {White is slightly better.} d4 9. Nbd2 O-O 10. Ne4 {[#]} e6 $146 (10... Qb6 $1 $11 {keeps the balance.}) ({Predecessor:} 10... b6 11. Qe1 Bb7 12. e6 f5 13. exd7 fxe4 14. dxe4 Qxd7 15. Bc4+ Kh8 16. Ng5 dxc3 17. bxc3 Na5 18. Be6 Qd3 19. Rf3 Bxc3 20. Qxc3+ {1-0 (20) Bortnyk,O (2598)-Dobrov,V (2478) chess.com INT 2020}) 11. cxd4 cxd4 12. b3 b5 (12... a5 $14) 13. Ba3 $16 b4 14. Bb2 Qb6 15. Rc1 Bb7 16. Nd6 Rad8 17. Ng5 Ba8 $2 {[#]} (17... Ne7 $16) 18. Bg4 $1 $18 Ne7 19. Ngxf7 {[%mdl 64] Remove Defender} Rxf7 20. Bxe6 {[%mdl 64] Pin} Bd5 21. Nxf7 Bxe6 22. Nxd8 Qxd8 23. Bxd4 Qa5 24. Qc2 Bf5 (24... Bf8 $142 25. h3 a6) 25. Qc4+ Qd5 26. Qxb4 Bf8 {intending ...Nc6.} 27. Qc4 a5 28. Rfd1 Bh6 29. Bf2 g5 30. Qxd5+ Nxd5 31. Rc6 Bf8 32. e6 Nb4 33. Rdc1 ({Weaker is} 33. exd7 Nxc6 34. fxg5 Bxd7 $18) 33... Nxc6 34. Rxc6 Nf6 35. Bc5 Ne8 36. d4 gxf4 37. d5 Be4 38. e7 {[%csl Gc5][%cal Re7f8]} Bg7 {[#]} 39. Rc8 $1 Kf7 40. d6 {d7 would kill now.} Bf5 41. Rd8 Nf6 {[#]} 42. Rf8+ $1 {[%mdl 512] Black got outplayed after the opening.  Weighted Error Value: White=0.11/Black=0.54} 1-0

[Event "Young Talents Mukachevo 2020"]
[Site "Mukachevo"]
[Date "2020.11.26"]
[Round "5.2"]
[White "Osadchuk, Dmitry"]
[Black "Lozynskyi, Bohdan"]
[Result "0-1"]
[WhiteElo "2173"]
[BlackElo "2077"]
[Annotator "TA"]
[PlyCount "118"]
[EventDate "2020.11.23"]
[EventType "tourn"]
[EventCountry "UKR"]
[SourceTitle "playchess.com"]
[Source "ChessBase"]
[SourceQuality "1"]

{[%evp 13,118,1,4,2,37,31,41,25,18,-97,-92,-95,-93,-96,-104,-143,-102,-114,-99,-171,-171,-171,-164,-171,-174,-165,-164,-153,-144,-181,-187,-191,-156,-160,-159,-157,-165,-167,-152,-161,-152,-155,-161,-167,-173,-165,-171,-160,-108,-104,-101,-182,-165,-172,-160,-189,-90,-149,-56,-143,-147,-183,-178,-287,-279,-616,-661,-610,-585,-578,-570,-947,-495,-1520,-1545,-2868,-2762,-2868,-2081,-2885,-2871,-2868,-2868,-2868,-2868,-2355,-443,-2872,-2861,-2683,-2015,-2431,-2302,-1974,0,-443,0,-5704,-2608,-29966,-29960,-29978,-29979,-29981,-29982,-29985,-29986]} 1. e4 c5 2. Nf3 g6 3. c3 d5 4. exd5 Qxd5 5. d4 Bg7 6. dxc5 Qxc5 7. Be3 Qc7 8. Na3 {Threatens to win with Nb5. B06: Modern Defence.} Bxc3+ 9. bxc3 Qxc3+ {[%mdl 64] [#] Double Attack} 10. Nd2 {Strongly threatening Rc1.White is slightly better.} Qxa3 {[#]} 11. Bc4 $146 (11. Bb5+ $11 Bd7 12. Rc1) ({Predecessor:} 11. Rc1 Nc6 12. Nc4 Qb4+ 13. Bd2 Qc5 14. Be3 Qb4+ 15. Bd2 Qc5 16. Be3 Qb4+ 17. Bd2 Qc5 18. Be3 {½-½ (18) Georgiev,K (2363)-Gkogkas,D (2094) Achaia 2017}) 11... Nf6 $17 12. O-O {With the idea Bb5+.} O-O 13. Qe2 Nc6 14. Rab1 Qd6 15. Nf3 Bg4 16. h3 (16. Rxb7 $17 Na5 17. Rd1 Nxb7 18. Rxd6 Nxd6 19. Ba6) 16... Bxf3 $19 17. Qxf3 Ne5 {[%mdl 64] Double Attack} 18. Qe2 {next Bf4 is good for White.} Nxc4 19. Qxc4 b6 20. Rfd1 Qe6 21. Qa4 Nd5 {Hoping for ...Nc3.} 22. Rd3 Rfc8 {White must now prevent ...Nc3.} 23. Qb3 Nxe3 24. Qxe6 fxe6 25. Rxe3 $17 {[%mdl 4096] Endgame [#] KRR-KRR} Rc6 $1 26. Rd1 Rac8 27. Rd7 R8c7 28. Rxc7 Rxc7 29. Rxe6 $19 {KR-KR} Rc1+ 30. Kh2 Rc2 ({Black should try} 30... Kf7 31. Re2 Rc3) 31. Rxe7 $17 Rxa2 32. Kg3 (32. Rb7 $17 {keeps fighting.}) 32... a5 $19 {[%cal Ba7a5,Ba5a4,Ba4a3][%mdl 32]} 33. Rb7 Rb2 34. Ra7 Rb5 (34... Rb4 $19 {and Black stays clearly on top.} 35. Kf3 a4) 35. f4 ({White has to play} 35. Kf4) 35... Rf5 (35... Rb4 $17 36. Kf3 h5) 36. Rb7 (36. Kf3 $15) 36... b5 {[%cal Bb6b5,Bb5b4][%mdl 32]} 37. Kf3 a4 38. Ke4 (38. Ra7 {was worth a try.}) 38... a3 39. g4 $2 (39. Kd3) 39... Rc5 {aiming for ...a2.} 40. Kd3 Rc1 41. Ra7 b4 42. Kd2 Rb1 43. f5 (43. Kc2 $142 Rb2+ 44. Kc1) 43... gxf5 44. gxf5 Rf1 45. Kc2 Rf2+ 46. Kb1 Rxf5 47. Rb7 Rf4 48. Ka1 h5 49. Ka2 h4 50. Ka1 (50. Kb3 $142 Rf3+ 51. Ka2) 50... Kf8 51. Ka2 Ke8 52. Kb3 Kd8 53. Ra7 Ke8 (53... Rf3+ $142 54. Kxb4 Rxh3) 54. Rb7 $1 Kf8 $2 (54... Rf3+ $19 55. Ka2 Rf2+ 56. Kb1 Rf4) 55. Ra7 $2 {[%mdl 8192]} (55. Ka2 $11 Rf2+ 56. Ka1) 55... Rf3+ 56. Kxb4 Rxh3 {Black mates.} 57. Kc5 Rg3 58. Kc4 h3 59. Kb4 h2 {Weighted Error Value: White=0.85/Black=0.15} 0-1

[Event "Young Talents Mukachevo 2020"]
[Site "Mukachevo"]
[Date "2020.11.26"]
[Round "5.3"]
[White "Prokofiev, Valentyn"]
[Black "Lymar, Vladislav"]
[Result "1-0"]
[WhiteElo "2095"]
[BlackElo "2147"]
[Annotator "TA"]
[PlyCount "115"]
[EventDate "2020.11.23"]
[EventType "tourn"]
[EventCountry "UKR"]
[SourceTitle "playchess.com"]
[Source "ChessBase"]
[SourceQuality "1"]

{[%evp 9,114,2,3,12,21,6,25,0,0,8,7,19,31,20,79,70,71,69,75,63,66,0,49,15,18,4,10,10,12,10,42,31,31,31,33,29,38,38,32,15,46,46,46,46,46,46,50,47,112,108,627,75,108,70,72,74,75,75,79,83,101,109,128,138,139,131,120,81,80,76,83,89,196,189,198,198,184,170,279,272,373,367,409,271,459,458,472,454,985,961,1254,1254,29975,29976,29977,29978,29984,29978,29976,29968,29992,29993,29996,29997,29998,29999,29999]} 1. d4 d5 2. Nf3 Nf6 3. g3 e6 4. Bg2 b5 5. O-O Bb7 6. a4 {A46: 1 d4 Nf6 2 Nf3 e6: Torre, London and Colle Systems.} b4 7. Ne5 Nbd7 8. Nd3 {White has an edge.} a5 9. c4 {[#]} c5 $146 ({Predecessor:} 9... bxc3 10. bxc3 c5 11. Ba3 Qc7 12. Nd2 c4 13. Bxf8 Kxf8 14. Ne1 g6 15. f3 e5 {½-½ (37) Sanchez Ibern,M (2382)-Oms Pallisse,J (2453) Catalunya 2014}) 10. Bg5 Be7 11. dxc5 O-O (11... Bxc5 $11 12. Nd2 Be7) 12. Bxf6 $16 Nxf6 13. Nd2 $1 Qd7 14. Rc1 Rfc8 15. b3 ({White should play} 15. Re1 $14) 15... Ra7 16. c6 Bxc6 ({Avoid the trap} 16... Rxc6 $2 17. Ne5 $18) 17. Ne5 Qe8 18. Nxc6 Rxc6 19. cxd5 Nxd5 20. Nc4 Rc5 21. Bxd5 Rxd5 22. Qc2 Rc7 23. Rfd1 $1 Qd8 24. Qb1 Rcc5 25. e4 Rd7 26. Rxd7 Qxd7 27. Rd1 Qa7 28. Qd3 g6 (28... Qb8 $14) 29. Qd7 $1 {[%cal Rd7a7]} Rc7 $2 {[%mdl 8192]} (29... Qxd7 $16 30. Rxd7 Kf8) 30. Qb5 $2 (30. Qe8+ $18 Kg7 31. Ne5) 30... Kg7 31. Qe5+ Kg8 32. Qxa5 Qxa5 33. Nxa5 {[%mdl 4096] Endgame KRB-KRN} Rc3 34. Kf1 Bc5 35. Ke2 Kg7 36. Rd3 {Hoping for Rxc3.} Rc2+ 37. Rd2 Rc3 38. e5 g5 39. Kd1 Rf3 40. Kc2 Bxf2 {[#]} (40... Bb6 $16 {keeps fighting.} 41. Nc4 Bxf2) 41. Rd3 $1 $18 {[%cal Rd3f3]} Rf5 {[#]} 42. Nc6 $1 Bg1 43. Rd2 ({Don't take} 43. Nxb4 $6 Rxe5 44. h3 Ra5 $14) 43... Rf3 (43... f6 $142) 44. Nxb4 h5 45. Nc6 Rf1 46. Kb2 Be3 $2 (46... f6 47. exf6+ Kxf6) 47. Re2 Bc1+ 48. Ka2 h4 (48... Rf3 $142 49. Rc2 Be3) 49. a5 h3 50. a6 Be3 51. Rxe3 {KRN-KR. White mates.} Rf2+ 52. Ka3 Rxh2 53. a7 Rh1 54. Kb4 Rg1 55. a8=Q h2 56. Ne7 h1=Q 57. Qg8+ Kh6 58. Qh8# {Weighted Error Value: White=0.20/Black=0.50} 1-0